Top 20 NFL Quarterbacks of All Time - Statistics

General Stats
  • This quiz has been taken 152 times
  • The average score is 17 of 20
Answer Stats
Team and Year Player % Correct
Seattle Seahawks, 2012-present Russell Wilson
99%
New England Patriots, 2000-2019; Tampa Bay Buccaneers, 2019-present Tom Brady
98%
Green Bay Packers, 2005-present Aaron Rodgers
97%
Pittsburgh Steelers, 2004-present Ben Roethlisberger
97%
Indianapolis Colts, 1998-2011; Denver Broncos, 2012-15 Peyton Manning
96%
Atlanta Falcons, 1991; Green Bay Packers, 1992-2007; New York Jets, 2008; Minnesota Vikings, 2009-2010 Brett Favre
94%
San Diego Chargers, 2001-2005; New Orleans Saints, 2006-present Drew Brees
94%
San Francisco 49ers, 1979-1992; Kansas City Chiefs, 1993-94 Joe Montana
94%
Miami Dolphins, 1983-1999 Dan Marino
93%
Tampa Bay Buccaneers, 1985-1986; San Francisco 49ers, 1987-1999 Steve Young
90%
Pittsburgh Steelers, 1970-1983 Terry Bradshaw
90%
St. Louis Rams, 1998-2003; New York Giants, 2004; Arizona Cardinals, 2005-2009 Kurt Warner
89%
Denver Broncos, 1983-1998 John Elway
88%
Dallas Cowboys, 1989-2000 Troy Aikman
86%
Green Bay Packers, 1956-1971 Bart Starr
82%
Baltimore Colts, 1956-1972; San Diego Chargers, 1973 Johnny Unitas
76%
Dallas Cowboys, 1969-1979 Roger Staubach
75%
Cleveland Browns, 1946-1955 Otto Graham
65%
Washington Redskins, 1937-1952 Sammy Baugh
58%
Chicago Bears, 1939-1950 Sid Luckman
34%
No matching quizzes found
Score Distribution
Percent of People with Each Score
Percentile by Number Answered
Your Score History
You have not taken this quiz